000 00491nam a22001817a 4500
005 20251108172243.0
008 250721s1999 xx 000 0 ara d
082 1 4 _a657.8/ظاه
100 1 _aظاهر، أحمد حسن
245 1 0 _aمحاسبة المنشآت المالية /
264 1 _aعمان :
_c1999.
300 _a553ص
650 1 7 _aالمنشآت المالية
650 1 7 _aالمحاسبة
700 1 _aسعادة، يسوف
942 _2ddc
_cBK
999 _c74306
_d74306